000 00323nam a22001457a 4500
999 _c54915
_d54915
008 190925b ||||| |||| 00| 0 eng d
020 _a9780071787123
041 _aeng
080 _a316.46
082 _a316.46
100 _a53
101 _aMEN
245 _aTwelve Absolutes Leadership
_cBurnison.G
942 _2udc
_cBK